000 00777nam a2200181Ia 4500
008 090124s9999 xx 000 0 und d
082 _b101007
100 _aथळी कृ.ज.
245 _a श्री कृष्ण भट्ट बांदकर यांची सचरित्र कवितासंग्रह
250 _a0
260 _c1932
300 _a224
600 _aथळी कृ.ज.
630 _a श्री कृष्ण भट्ट बांदकर यांची सचरित्र कवितासंग्रह
700 _aथळी कृ.ज.
730 _a श्री कृष्ण भट्ट बांदकर यांची सचरित्र कवितासंग्रह
942 _cBOOK
999 _c147099
_d147099